HDP Ukrajiny v minulom roku dosiahol úroveň 25 perc. z roku 1990 priemerná mzda zamestnanca v roku 1995 bola 90 USD, v súčasnosti je to asi 40 USD

Súčasný nepriaznivý stav ekonomiky Ukrajiny. Vývoj makroekonomických ukazovateľov od roku 1990. Najväčší investori na Ukrajine (UMC, Coca-Cola, Daewoo). Štátny rozpočet na rok 1999. Aktivity Národnej banky Ukrajiny.

Salvato in:
Dettagli Bibliografici
Autore principale: Hois, Peter
Natura: Capitolo di libro
Lingua:slovacco
Soggetti:
Tags: Aggiungi Tag
Nessun Tag, puoi essere il primo ad aggiungerne!!

MARC

LEADER 00000naa a2200000 4500
001 r035907
005 20230824101755.9
041 0 |a slo 
044 |a SK 
245 1 0 |a HDP Ukrajiny v minulom roku dosiahol úroveň 25 perc. z roku 1990  |b priemerná mzda zamestnanca v roku 1995 bola 90 USD, v súčasnosti je to asi 40 USD  |c Peter Hois 
520 |a Súčasný nepriaznivý stav ekonomiky Ukrajiny. Vývoj makroekonomických ukazovateľov od roku 1990. Najväčší investori na Ukrajine (UMC, Coca-Cola, Daewoo). Štátny rozpočet na rok 1999. Aktivity Národnej banky Ukrajiny. 
610 2 0 |a situácia hospodárska 
610 2 0 |a úpadok hospodársky 
610 2 0 |a produkt domáci hrubý 
610 2 0 |a ukazovatele ekonomické 
610 2 0 |a investori 
610 2 0 |a rozpočet štátny 
610 2 0 |a insolventnosť 
610 2 0 |a banky centrálne 
610 2 0 |a Národná banka Ukrajiny 
610 2 0 |a trh devízový 
610 2 0 |a Ukrajina 
100 1 |a Hois, Peter